Brian De Palma Movies - Sudden Death - Statistics

General Stats
  • This quiz has been taken 215 times
  • The average score is 13 of 30
Answers on the Grid
Answers color-coded by a green-red scale on the quiz's grid according to % correct below.
Murder a la Mod
Cinema Paradiso
Greetings
The Wedding Party
Shakespeare in Love
Hi, Mom!
The Crying Game
Dionysus in '69
Get to Know Your Rabbit
Cinderella Man
Sisters
Phantom of the Paradise
Obsession
No Country for Old Men
Carrie
The Fury
Home Movies
The Piano
Dressed to Kill
Blow Out
Chicago
Scarface
Body Double
Scream
Wise Guys
The Untouchables
Hardware
Casualties of War
Sin City
The Bonfire of the Vanities
Raising Cain
Carlito's Way
Nightwatch
Air Bud
Mission: Impossible
Carol
Snake Eyes
Mission to Mars
Central Station
Femme Fatale
Malèna
The Black Dahlia
Bridget Jones's Diary
Jeepers Creepers
Redacted
Passion
Finding Neverland
Domino
 
Answer Stats
Answer % Correct
Scarface
85%
Blow Out
73%
Carlito's Way
72%
The Untouchables
72%
Carrie
70%
Dressed to Kill
62%
Mission: Impossible
59%
Body Double
55%
Snake Eyes
54%
The Black Dahlia
49%
Phantom of the Paradise
46%
Casualties of War
41%
Obsession
40%
Femme Fatale
39%
Raising Cain
37%
The Bonfire of the Vanities
37%
Mission to Mars
36%
Hi, Mom!
35%
Sisters
32%
Wise Guys
30%
Murder a la Mod
29%
The Fury
29%
Dionysus in '69
28%
Domino
26%
Home Movies
26%
Passion
26%
Redacted
26%
The Wedding Party
26%
Get to Know Your Rabbit
23%
Greetings
23%
No matching quizzes found
Score Distribution
Percent of People with Each Score
Percentile by Number Answered
Your Score History
You have not taken this quiz